[Event "TUR-chT 2nd League"]
[Site "Denizli"]
[Date "2024.07.20"]
[Round "8.1"]
[White "Yalcin, Nehir"]
[Black "Mutlu, Ezgi"]
[Result "0-1"]
[WhiteElo "1717"]
[BlackElo "1827"]
[PlyCount "126"]
[EventDate "2024.07.15"]
[EventType "team-swiss"]
[EventRounds "9"]
[EventCountry "TUR"]
[SourceTitle "EXT 2025"]
[Source "ChessBase"]
[SourceDate "2024.10.14"]
[SourceVersion "1"]
[SourceVersionDate "2024.10.14"]
[SourceQuality "1"]
[WhiteTeam "Akcakoca Kultur Sanat"]
[BlackTeam "Moda"]
[WhiteTeamCountry "TUR"]
[BlackTeamCountry "TUR"]

1. e4 d5 2. exd5 Qxd5 3. Nc3 Qd6 4. d4 Nf6 5. Bc4 g6 6. Nf3 Bg7 7. h3 0-0 8. Be3 a6 9. a4 Nc6 10. 0-0 Nb4 11. Ne2 Nbd5 12. Bd2 Ne4 13. c3 c5 14. Qc2 Nxd2 15. Qxd2 cxd4 16. Nexd4 Nf4 17. Rad1 Qf6 18. Rfe1 Bd7 19. Bb3 Rfe8 20. Ne5 Qg5 21. Bxf7+ Kh8 22. Ng4 Bxg4 23. hxg4 Red8 24. Qc2 Qxg4 25. f3 Qg3 26. Rxe7 Nh3+ 27. Kf1 Bxd4 28. Rxd4 Qh2 29. Qe4 Qg1+ 30. Ke2 Qxg2+ 31. Ke1 Qg3+ 32. Kd2 Ng5 33. Qe3 Nxf3+ 34. Kc1 Rxd4 35. cxd4 Qg5 36. Qxg5 Nxg5 37. Rxb7 Nxf7 38. Rxf7 Rd8 39. Rf4 h5 40. Kc2 Kg7 41. Kd3 g5 42. Rf5 Kg6 43. Re5 Kf6 44. Ke4 Rb8 45. Rf5+ Kg6 46. Ra5 Rb6 47. Ke5 h4 48. Rc5 h3 49. Rc2 Rf6 50. d5 g4 51. d6 Rxd6 52. Kf4 Rd4+ 53. Kg3 Rxa4 54. Rc6+ Kf5 55. Rc5+ Ke6 56. Rc6+ Kd5 57. Rc3 a5 58. Rd3+ Rd4 59. Re3 a4 60. Re2 Kc4 61. Rf2 Kb3 62. Re2 Rb4 63. Rd2 Ka2 0-1

[Event "TUR-chT 2nd League"]
[Site "Denizli"]
[Date "2024.07.19"]
[Round "7.4"]
[White "Ismayil, Malak"]
[Black "Yalcin, Nehir"]
[Result "1-0"]
[WhiteElo "2157"]
[BlackElo "1717"]
[PlyCount "94"]
[EventDate "2024.07.15"]
[EventType "team-swiss"]
[EventRounds "9"]
[EventCountry "TUR"]
[SourceTitle "EXT 2025"]
[Source "ChessBase"]
[SourceDate "2024.10.14"]
[SourceVersion "1"]
[SourceVersionDate "2024.10.14"]
[SourceQuality "1"]
[WhiteTeam "Ankara DSI Genclik"]
[BlackTeam "Akcakoca Kultur Sanat"]
[WhiteTeamCountry "TUR"]
[BlackTeamCountry "TUR"]

1. e4 c5 2. Nf3 Nc6 3. Bb5 g6 4. Bxc6 dxc6 5. d3 Bg7 6. Nc3 Nf6 7. Be3 Nd7 8. Qd2 h6 9. h3 e5 10. Nh2 Qe7 11. a4 Nf8 12. a5 Ne6 13. Na4 Nd4 14. Ra3 Bd7 15. 0-0 f5 16. f3 f4 17. Bf2 Rb8 18. c3 Ne6 19. b4 b6 20. axb6 axb6 21. Rb1 0-0 22. Qa2 Kh7 23. bxc5 b5 24. Nb2 Nxc5 25. Ra7 Ne6 26. Rd1 Qd6 27. Nf1 Rfd8 28. Nd2 c5 29. Nb3 Kh8 30. Qa5 Bc6 31. Kh2 Bb7 32. Ra1 Bc6 33. Ra6 Rdc8 34. Rd1 Kg8 35. Qa2 Kh8 36. Na5 Ra8 37. Rxa8 Bxa8 38. Nb3 Bb7 39. Qa7 Qc7 40. Qa2 Ra8 41. Qb1 Rd8 42. Qc2 Qb6 43. Rb1 Qc7 44. Nd2 Qa5 45. Qb3 Rd6 46. Ndc4 bxc4 47. Nxc4 Qd8 1-0

[Event "TUR-chT 2nd League"]
[Site "Denizli"]
[Date "2024.07.18"]
[Round "5.4"]
[White "Ilkbahar, Nimet Seray"]
[Black "Yalcin, Nehir"]
[Result "1-0"]
[WhiteElo "1713"]
[BlackElo "1717"]
[PlyCount "65"]
[EventDate "2024.07.15"]
[EventType "team-swiss"]
[EventRounds "9"]
[EventCountry "TUR"]
[SourceTitle "EXT 2025"]
[Source "ChessBase"]
[SourceDate "2024.10.14"]
[SourceVersion "1"]
[SourceVersionDate "2024.10.14"]
[SourceQuality "1"]
[WhiteTeam "Eskiseh Tasci"]
[BlackTeam "Akcakoca Kultur Sanat"]
[WhiteTeamCountry "TUR"]
[BlackTeamCountry "TUR"]

1. e4 c5 2. Nc3 Nc6 3. g3 g6 4. Bg2 Bg7 5. d3 d6 6. Be3 e5 7. Qd2 Be6 8. Nge2 Qd7 9. Nd5 Nd4 10. c3 Nc6 11. 0-0 f5 12. f4 Nge7 13. Nxe7 Qxe7 14. d4 Na5 15. d5 Nc4 16. Qd3 Nxe3 17. Qxe3 Bd7 18. Rad1 0-0 19. exf5 Bxf5 20. fxe5 Bxe5 21. Qd2 Rae8 22. Rde1 Qd7 23. Nf4 b5 24. Ne6 Rf7 25. Rf2 Kh8 26. Ref1 Rfe7 27. Qh6 Rg8 28. Ng5 Bf6 29. Rxf5 gxf5 30. Qxf6+ Rgg7 31. Rxf5 Re1+ 32. Kf2 Ree7 33. Qf8+ 1-0

[Event "TUR-chT 2nd League"]
[Site "Denizli"]
[Date "2024.07.17"]
[Round "3.3"]
[White "Babayeva, Nasrin"]
[Black "Yalcin, Nehir"]
[Result "1/2-1/2"]
[WhiteElo "1898"]
[BlackElo "1717"]
[PlyCount "75"]
[EventDate "2024.07.15"]
[EventType "team-swiss"]
[EventRounds "9"]
[EventCountry "TUR"]
[SourceTitle "EXT 2025"]
[Source "ChessBase"]
[SourceDate "2024.10.14"]
[SourceVersion "1"]
[SourceVersionDate "2024.10.14"]
[SourceQuality "1"]
[WhiteTeam "Nida"]
[BlackTeam "Akcakoca Kultur Sanat"]
[WhiteTeamCountry "TUR"]
[BlackTeamCountry "TUR"]

1. c4 e5 2. g3 Nc6 3. Bg2 g6 4. Nc3 Bg7 5. e4 d6 6. Nge2 Nge7 7. 0-0 0-0 8. d3 Be6 9. Nd5 f5 10. f4 Qd7 11. Rb1 Rab8 12. b3 Nd4 13. fxe5 dxe5 14. Nxd4 exd4 15. Nf4 Bf7 16. Ba3 fxe4 17. Bxe4 b6 18. Bxe7 Qxe7 19. Qe2 Qd6 20. b4 c6 21. Qg2 Rbc8 22. h4 Be8 23. a4 Be5 24. Ne2 Bd7 25. b5 Kg7 26. Rxf8 Kxf8 27. Rf1+ Kg7 28. Nf4 c5 29. h5 Bxf4 30. gxf4 Rf8 31. f5 Be8 32. Rf3 Rf6 33. Rh3 Qf4 34. Rf3 Qc1+ 35. Rf1 Qe3+ 36. Rf2 Qc1+ 37. Rf1 Qe3+ 38. Rf2 1/2-1/2

[Event "TUR-ch U13/18 Girls"]
[Site "Antalya"]
[Date "2023.01.27"]
[Round "8"]
[White "Koyuncu, Haticesu"]
[Black "Yalcin, Nehir"]
[Result "0-1"]
[WhiteElo "1554"]
[BlackElo "1419"]
[PlyCount "50"]
[EventDate "2023.01.17"]
[EventType "swiss"]
[EventRounds "9"]
[EventCountry "TUR"]
[SourceTitle "EXT 2024"]
[Source "ChessBase"]
[SourceDate "2023.10.10"]
[SourceVersion "1"]
[SourceVersionDate "2023.10.10"]
[SourceQuality "1"]

1. d4 Nf6 2. Nf3 g6 3. Bf4 Bg7 4. Nbd2 0-0 5. c3 d6 6. e4 Nbd7 7. Be2 b6 8. 0-0 Bb7 9. Qc2 e5 10. dxe5 dxe5 11. Nxe5 Nxe5 12. Bxe5 Nxe4 13. Bf4 Nxd2 14. Bxd2 c5 15. Bf4 Qf6 16. Bg3 h5 17. h3 h4 18. Bh2 Rad8 19. f4 Rfe8 20. Bb5 Re7 21. Rad1 Rxd1 22. Rxd1 a6 23. Bd7 Bh6 24. f5 Be4 25. Rd6 Qg5 0-1

[Event "TUR-ch U13/18 Girls"]
[Site "Antalya"]
[Date "2023.01.22"]
[Round "1"]
[White "Goze, Liya"]
[Black "Yalcin, Nehir"]
[Result "0-1"]
[WhiteElo "1235"]
[BlackElo "1419"]
[PlyCount "89"]
[EventDate "2023.01.17"]
[EventType "swiss"]
[EventRounds "9"]
[EventCountry "TUR"]
[SourceTitle "EXT 2024"]
[Source "ChessBase"]
[SourceDate "2023.10.10"]
[SourceVersion "1"]
[SourceVersionDate "2023.10.10"]
[SourceQuality "1"]

1. d4 Nf6 2. Bf4 e6 3. e3 c5 4. c3 b6 5. Be2 Bb7 6. Bf3 Nc6 7. Ne2 Be7 8. Nd2 0-0 9. 0-0 d6 10. a4 Qd7 11. Kh1 Rac8 12. Bg3 Rfd8 13. Nb3 Ra8 14. Qc2 Rac8 15. dxc5 bxc5 16. Rfd1 Qe8 17. e4 d5 18. exd5 Nxd5 19. Nf4 Nxf4 20. Bxf4 e5 21. Be3 Qf8 22. Be4 h6 23. a5 Ba8 24. f3 Rxd1+ 25. Rxd1 c4 26. Nd2 Nxa5 27. Bxa7 Bc5 28. Bxc5 Qxc5 29. h3 Bc6 30. Bxc6 Qxc6 31. Ne4 Nb7 32. Qf2 Rf8 33. Qe2 Re8 34. Nd2 Nd6 35. Ne4 Nb5 36. Nd2 Nd6 37. Ne4 Nf5 38. g4 Nh4 39. Qf2 Ng6 40. Qc5 Qa4 41. Rf1 Rb8 42. Qa3 Qc2 43. Rf2 Qc1+ 44. Kh2 Qf4+ 45. Ng3 0-1

[Event "TUR-chT Clubs"]
[Site "Konya"]
[Date "2019.07.18"]
[Round "4.2"]
[White "Yalcin, Nehir"]
[Black "Kiziltas, Ece Su"]
[Result "1-0"]
[WhiteElo "1392"]
[BlackElo "1400"]
[PlyCount "79"]
[EventDate "2019.07.16"]
[EventType "team-swiss"]
[EventRounds "9"]
[EventCountry "TUR"]
[SourceTitle "CBM 191 Extra"]
[Source "ChessBase"]
[SourceDate "2019.09.30"]
[SourceVersion "1"]
[SourceVersionDate "2019.09.30"]
[SourceQuality "1"]
[WhiteTeam "Duzce AS Genclik"]
[BlackTeam "Deniz Genclik"]
[WhiteTeamCountry "TUR"]
[BlackTeamCountry "TUR"]

1. e4 c6 2. d4 g6 3. Nc3 Bg7 4. Be3 d6 5. Qd2 b5 6. Bd3 Nd7 7. Nge2 Bb7 8. 0-0 Ngf6 9. h3 0-0 10. f4 a6 11. Ng3 c5 12. d5 Qc7 13. Be2 h5 14. f5 Ne5 15. Bf4 b4 16. Nd1 h4 17. Bxe5 hxg3 18. Bxf6 Bxf6 19. Qf4 Kg7 20. Qxg3 Rh8 21. c3 Rh7 22. Bd3 Be5 23. Qg4 Bc8 24. Qf3 g5 25. Bc2 Bd7 26. Rb1 Bb5 27. Bd3 Be8 28. cxb4 cxb4 29. Be2 Qb6+ 30. Nf2 f6 31. Qd3 Bb5 32. Qd1 Qe3 33. Bxb5 Qg3 34. Ng4 Rxh3 35. Rf3 Rh1+ 36. Kxh1 Rh8+ 37. Kg1 Qh4 38. Rh3 Bh2+ 39. Rxh2 Qg3 40. Rxh8 1-0

[Event "TUR-chT Clubs"]
[Site "Konya"]
[Date "2019.07.17"]
[Round "3.2"]
[White "Ozkan, Elif"]
[Black "Yalcin, Nehir"]
[Result "0-1"]
[WhiteElo "1240"]
[BlackElo "1392"]
[PlyCount "65"]
[EventDate "2019.07.16"]
[EventType "team-swiss"]
[EventRounds "9"]
[EventCountry "TUR"]
[SourceTitle "CBM 191 Extra"]
[Source "ChessBase"]
[SourceDate "2019.09.30"]
[SourceVersion "1"]
[SourceVersionDate "2019.09.30"]
[SourceQuality "1"]
[WhiteTeam "Manisa Yunusembre"]
[BlackTeam "Duzce AS Genclik"]
[WhiteTeamCountry "TUR"]
[BlackTeamCountry "TUR"]

1. d4 Nf6 2. c4 g6 3. Nc3 Bg7 4. Bg5 d6 5. Bxf6 Bxf6 6. e3 Nd7 7. Nf3 Bg7 8. Qc2 0-0 9. Bd3 c5 10. d5 Ne5 11. Nxe5 Bxe5 12. Rc1 Bd7 13. Qd2 a6 14. h4 h5 15. f4 Bg7 16. Ne2 Qc8 17. Ng3 b5 18. Qc2 Rb8 19. Rb1 Ra8 20. a3 Rb8 21. Rf1 Bf6 22. Rh1 Bg4 23. cxb5 axb5 24. f5 Be5 25. Ne2 c4 26. fxg6 cxd3 27. gxf7+ Rxf7 28. Qxd3 Qf5 29. Qxf5 Bxf5 30. Rd1 Bxb2 31. Ng3 Bc3+ 32. Kf2 Bg4+ 33. Kg1 0-1

[Event "TUR-chT Clubs"]
[Site "Konya"]
[Date "2019.07.17"]
[Round "2.2"]
[White "Yalcin, Nehir"]
[Black "Kucuk, Aybike"]
[Result "0-1"]
[WhiteElo "1392"]
[BlackElo "1266"]
[PlyCount "70"]
[EventDate "2019.07.16"]
[EventType "team-swiss"]
[EventRounds "9"]
[EventCountry "TUR"]
[SourceTitle "CBM 191 Extra"]
[Source "ChessBase"]
[SourceDate "2019.09.30"]
[SourceVersion "1"]
[SourceVersionDate "2019.09.30"]
[SourceQuality "1"]
[WhiteTeam "Duzce AS Genclik"]
[BlackTeam "Artvin Il Ozel"]
[WhiteTeamCountry "TUR"]
[BlackTeamCountry "TUR"]

1. e4 c5 2. Nf3 d6 3. d4 cxd4 4. Nxd4 Nf6 5. f3 e5 6. Nb3 Be6 7. Be3 Be7 8. Be2 Nbd7 9. 0-0 0-0 10. Nc3 a6 11. Qd2 Nc5 12. Rfd1 Rc8 13. Bf1 Qc7 14. Qf2 Rfd8 15. Rd2 d5 16. exd5 Nxb3 17. axb3 Nxd5 18. Nxd5 Rxd5 19. Bd3 Bc5 20. Kh1 Bxe3 21. Qxe3 Rcd8 22. Re2 Qc5 23. Qg5 e4 24. Qg3 exd3 25. cxd3 Rxd3 26. Ree1 Qd6 27. Qf2 Rd1 28. Qf1 Bxb3 29. Qe2 Rxa1 30. Rxa1 Qd1+ 31. Rxd1 Rxd1+ 32. Qxd1 Bxd1 33. Kg1 Bxf3 34. gxf3 Kf8 35. Kf2 Ke7 0-1

[Event "TUR-chT2"]
[Site "Konya"]
[Date "2018.07.15"]
[Round "9.6"]
[White "Yalcin, Nehir"]
[Black "Sarac, Ayca"]
[Result "1-0"]
[WhiteElo "1332"]
[BlackElo "1215"]
[PlyCount "57"]
[EventDate "2018.07.10"]
[EventType "team-swiss"]
[EventRounds "9"]
[EventCountry "TUR"]
[SourceTitle "EXT 2019"]
[Source "ChessBase"]
[SourceDate "2018.10.10"]
[SourceVersion "1"]
[SourceVersionDate "2018.10.10"]
[SourceQuality "1"]
[WhiteTeam "Antalya Buyuk Ustalar"]
[BlackTeam "Samsun Genclik"]
[WhiteTeamCountry "TUR"]
[BlackTeamCountry "TUR"]

1. e4 d5 2. exd5 Qxd5 3. Nc3 Qa5 4. d4 c6 5. Nf3 Bg4 6. h3 Bxf3 7. Qxf3 e6 8. Bd2 Qc7 9. Bc4 Nf6 10. 0-0-0 Nbd7 11. g4 0-0-0 12. g5 Nb6 13. Bf4 Qe7 14. gxf6 Qxf6 15. Ne4 Qf5 16. Be2 Be7 17. Kb1 Rd7 18. Bd3 Qa5 19. c3 Rhd8 20. Rhg1 Bf8 21. Be5 f6 22. Bg3 Nd5 23. Nd2 c5 24. Nc4 Nxc3+ 25. bxc3 Qxc3 26. Nb2 Rxd4 27. Rc1 Qa3 28. Rgd1 e5 29. Bf5+ 1-0

[Event "TUR-chT2"]
[Site "Konya"]
[Date "2018.07.13"]
[Round "6.4"]
[White "Hekimoglu, Mihriban"]
[Black "Yalcin, Nehir"]
[Result "1-0"]
[WhiteElo "1467"]
[BlackElo "1332"]
[PlyCount "71"]
[EventDate "2018.07.10"]
[EventType "team-swiss"]
[EventRounds "9"]
[EventCountry "TUR"]
[SourceTitle "EXT 2019"]
[Source "ChessBase"]
[SourceDate "2018.10.10"]
[SourceVersion "1"]
[SourceVersionDate "2018.10.10"]
[SourceQuality "1"]
[WhiteTeam "Mugla Dalaman"]
[BlackTeam "Antalya Buyuk Ustalar"]
[WhiteTeamCountry "TUR"]
[BlackTeamCountry "TUR"]

1. d4 Nf6 2. c4 g6 3. Nc3 d6 4. Nf3 Bg7 5. e3 Nbd7 6. Bd3 0-0 7. 0-0 e5 8. b3 Nh5 9. Bb2 f5 10. Be2 Nhf6 11. Qc2 a6 12. Rad1 Qe7 13. dxe5 dxe5 14. e4 f4 15. Nd5 Nxd5 16. cxd5 Nb6 17. Rc1 Rf7 18. h3 Qd6 19. Qc3 Re7 20. Rc2 Qf6 21. Ba3 Rf7 22. Bc5 Bd7 23. d6 Rc8 24. dxc7 Rxc7 25. Qb4 Rc6 26. Rfc1 h6 27. a4 Bf8 28. Bxf8 Rxc2 29. Rxc2 Rxf8 30. a5 Nc8 31. Qxb7 Rd8 32. Qxa6 Nd6 33. Rd2 Bc8 34. Qb6 Rd7 35. Qc5 Bb7 36. a6 1-0

[Event "TUR-chT2"]
[Site "Konya"]
[Date "2018.07.12"]
[Round "5.4"]
[White "Yalcin, Nehir"]
[Black "Koruoglu, Sinem"]
[Result "1-0"]
[WhiteElo "1332"]
[BlackElo "1346"]
[PlyCount "77"]
[EventDate "2018.07.10"]
[EventType "team-swiss"]
[EventRounds "9"]
[EventCountry "TUR"]
[SourceTitle "EXT 2019"]
[Source "ChessBase"]
[SourceDate "2018.10.10"]
[SourceVersion "1"]
[SourceVersionDate "2018.10.10"]
[SourceQuality "1"]
[WhiteTeam "Antalya Buyuk Ustalar"]
[BlackTeam "Burhaniye"]
[WhiteTeamCountry "TUR"]
[BlackTeamCountry "TUR"]

1. e4 e6 2. Qe2 Nc6 3. Nf3 Bc5 4. g3 Nge7 5. Bg2 d5 6. e5 Ng6 7. d3 b6 8. c3 Bb7 9. Nbd2 d4 10. 0-0 dxc3 11. bxc3 Ba6 12. Nd4 Nxd4 13. cxd4 Qxd4 14. Nb3 Qxd3 15. Qxd3 Bxd3 16. Bxa8 Bxf1 17. Kxf1 Nxe5 18. Nxc5 bxc5 19. Bb2 Ng4 20. h3 Nf6 21. Ba3 c4 22. Bc6+ Kd8 23. Rc1 Nd5 24. Rxc4 Nb6 25. Rg4 g6 26. Rf4 f5 27. Rh4 g5 28. Rh6 e5 29. Re6 a6 30. Be7+ Kc8 31. Rxe5 g4 32. Rxf5 gxh3 33. Rh5 Nc4 34. Rxh3 Ne5 35. Bf6 Rf8 36. Bxe5 Rf5 37. Rxh7 Kb8 38. Rh8+ Ka7 39. Bd4+ 1-0

[Event "TUR-ch (Women)"]
[Site "Aksu"]
[Date "2017.03.09"]
[Round "6"]
[White "Ozbek, Busra"]
[Black "Yalcin, Nehir"]
[Result "1-0"]
[WhiteElo "1707"]
[BlackElo "1101"]
[PlyCount "153"]
[EventDate "2017.03.06"]
[EventType "swiss"]
[EventRounds "9"]
[EventCountry "TUR"]
[SourceTitle "CBM 177 Extra"]
[Source "ChessBase"]
[SourceDate "2017.04.27"]
[SourceVersion "1"]
[SourceVersionDate "2017.04.27"]
[SourceQuality "1"]

1. e4 c5 2. Nf3 Nc6 3. d4 cxd4 4. Nxd4 g6 5. c4 Bg7 6. Be3 Nf6 7. Nc3 d6 8. Be2 0-0 9. 0-0 Bd7 10. f3 Rc8 11. Rc1 Ne5 12. b3 a6 13. Qd2 Nc6 14. Kh1 h5 15. Nd5 Kh7 16. Nxc6 Rxc6 17. Bg5 Nxd5 18. exd5 Rc8 19. Bd3 Re8 20. Rfe1 Kg8 21. Qf2 Kh7 22. Qh4 Kg8 23. Bxe7 Qb6 24. Bg5 Qa5 25. Qf2 Qb4 26. Bd2 Qa3 27. Bb1 Bb2 28. Rcd1 Bg7 29. h3 b5 30. cxb5 Bxb5 31. Re4 Qc5 32. Qxc5 dxc5 33. a4 Bd7 34. Bd3 Ra8 35. Rxe8+ Bxe8 36. Be3 Bf8 37. Bf4 a5 38. d6 Rd8 39. Bb5 Bxb5 40. axb5 Rd7 41. b6 f6 42. b7 Rxb7 43. d7 Be7 44. d8Q+ Bxd8 45. Rxd8+ Kf7 46. Rd3 Ke6 47. Be3 a4 48. bxa4 c4 49. Rc3 Kd5 50. a5 Rb3 51. Bd2 Rb7 52. a6 Ra7 53. Ra3 Kc6 54. Be3 Ra8 55. a7 Kb5 56. Ra1 Kc6 57. Rb1 Kc7 58. Rc1 Kb7 59. Rxc4 Re8 60. Re4 Rd8 61. Kg1 Rd1+ 62. Kf2 Rd8 63. Re7+ Ka8 64. Rg7 g5 65. Rf7 f5 66. Rxf5 g4 67. hxg4 hxg4 68. fxg4 Rg8 69. g5 Kb7 70. Rf7+ Ka8 71. g6 Re8 72. g7 Rg8 73. Rf8+ Rxf8+ 74. gxf8Q+ Kb7 75. a8Q+ Kc7 76. Qab8+ Kc6 77. Qfd6# 1-0